Konverzačná príručka angličtiny pre pokročilých

Guardado en:
Detalles Bibliográficos
Autor principal: Kubiš, Ladislav
Formato: Libro
Lenguaje:eslovaco
inglés
Publicado: Bratislava Slov. ped. nakl. 1987
Edición:2. dopln. vyd.
Etiquetas: Agregar Etiqueta
Sin Etiquetas, Sea el primero en etiquetar este registro!

MARC

LEADER 00000nam a2200000 4500
001 c025710
005 20221219094637.0
041 0 |a slo 
041 0 |a eng 
044 |a SK 
245 1 0 |a Konverzačná príručka angličtiny pre pokročilých  |c Ladislav Kubiš 
250 |a 2. dopln. vyd. 
264 1 |a Bratislava  |b Slov. ped. nakl.  |c 1987 
300 |a 322 s. 
100 1 |a Kubiš, Ladislav